000 00897nam a2200277Ia 4500
003 GCL
008 140319s9999 xx 000 0 ara d
040 _aGCL /
_cGCL
082 0 4 _a401
_bم ع
100 1 _aمحمود عكاشة
245 1 0 _aعلم اللغة :
_bمدخل نظرى فى اللغة العربية /
_cمحمود عكاشة
250 _aالاولى
260 _aالقاهرة :
_bمكتبة النهضة المصرية ،
_c2003
300 _a318 ص ؛
_c24 سم
650 0 4 _aالاصوات اللغوية
650 0 4 _aالكتابة
650 0 4 _aالكلام
650 0 4 _aاللغة العبرية
650 0 4 _aعلم الكلام
650 0 4 _aاللغة السريانية
650 0 4 _aالقران - الفاظ
650 0 4 _aاللغة، علم
650 0 4 _aاللغة الفنيقية
650 0 4 _aاللغة الأرادية
942 _2ddc
_cBK
999 _c5889
_d5889